000 00716nam a22002537a 4500
001 BR7801250
003 BR-BrBNA
005 20230928085534.0
007 ta
008 230509b bl.||||| |||| 00| 0 por d
040 _aBR-BrBNA
_bpor
_cBiblioteca Nacional de Agricultura
041 _a(Por)
072 _aE70; E10
_b0100
_b/G514
090 _ 0100 BR7801250
110 1 _aComissao de Financiamento da Producao, Brasilia, DF (Brasil)
_91989
245 1 _aPolitica de garantia de precos minimos [Brasil]
260 3 _aBrasilia, DF (Brasil):
_c1977.
300 _a10 p.
650 _aPOLITICA ECONOMICA
650 _aCEREAL
650 _aPRECO MINIMO
909 _a202309
_bLucia
_c55
_dLucia Elande
942 _cBK
999 _c24987
_d24987